Kentelke példája
Elmentve itt :
| Szerző: | |
|---|---|
| Adatforrás: | Meister |
| Forrásdokumentuma: | Művelődés. - 10 sz., 1994, 21-22 p. |
| Nyelv: | magyar |
| Kulcsszavak: | helytörténet kisebbségtörténet műemlékek templomok szászok (romániai) németek (romániai) Kentelke |
| LEADER | 00499nab a2200193 i 4500 | ||
|---|---|---|---|
| 001 | bibPRO00000988 | ||
| 008 | 060524s1994 xx hun | ||
| 040 | |a Sz1 | ||
| 041 | |a hun | ||
| 100 | 1 | |a BINDER Pál | |
| 245 | 1 | 0 | |a Kentelke példája |c BINDER Pál |
| 695 | |a helytörténet | ||
| 695 | |a kisebbségtörténet | ||
| 695 | |a műemlékek | ||
| 695 | |a templomok | ||
| 695 | |a szászok (romániai) | ||
| 695 | |a németek (romániai) | ||
| 695 | |a Kentelke | ||
| 773 | 0 | |t Művelődés. - |g 10 sz., 1994, 21-22 p. | |